<?xml version="1.0" encoding="UTF-8"?>
<marc:record xmlns:marc="http://www.loc.gov/MARC21/slim">
   <marc:leader>00000nam a2200000 a 4500</marc:leader>
   <marc:datafield ind1="1" ind2=" " tag="100">
      <marc:subfield code="a">Hefter, Martina</marc:subfield>
      <marc:subfield code="4">aut</marc:subfield>
      <marc:subfield code="e">Verfasser/-in</marc:subfield>
   </marc:datafield>
   <marc:datafield ind1="0" ind2="0" tag="245">
      <marc:subfield code="a">Hey guten Morgen, wie geht es dir?</marc:subfield>
   </marc:datafield>
   <marc:datafield ind1="0" ind2="0" tag="245">
      <marc:subfield code="b">Roman</marc:subfield>
   </marc:datafield>
   <marc:datafield ind1=" " ind2="1" tag="264">
      <marc:subfield code="b">Klett-Cotta</marc:subfield>
      <marc:subfield code="c">2024</marc:subfield>
   </marc:datafield>
   <marc:datafield ind1="1" ind2=" " tag="520">
      <marc:subfield code="a">Tagsüber hilft Juno ihrem schwerkranken Mann Jupiter dabei, seinen Alltag zu meistern. Sie ist Künstlerin, tanzt und spielt Theater. Und nachts, wenn sie wieder einmal nicht schlafen kann, chattet sie mit Love-Scammern im Internet. Martina Hefter hat einen Roman über Bedürfnisse und Sehnsüchte geschrieben. Und darüber, wie weit man bereit ist, für die Liebe zu gehen</marc:subfield>
   </marc:datafield>
   <marc:datafield ind1=" " ind2=" " tag="020">
      <marc:subfield code="a">9783608988260</marc:subfield>
      <marc:subfield code="9">9783608988260</marc:subfield>
   </marc:datafield>
</marc:record>
